[Event "11th Dortmund Meeting"]
[Site "Dortmund GER"]
[Date "1983.03.30"]
[Round "2"]
[White "Gufeld, Eduard"]
[Black "Bischoff, Klaus"]
[WhiteElo "2485"]
[BlackElo "2445"]
[Result "1/2-1/2"]
[EventDate "1983.03.29"]
[PlyCount "41"]

1.e4 d6 2.d4 g6 3.Nc3 Bg7 4.Be3 c6 5.a4 Nf6 6.h3 O-O 7.g3 a5 8.Bg2 Na6 9.
Nge2 Nb4 10.O-O d5 11.e5 Ne8 12.Na2 Nxa2 13.Rxa2 f6 14.f4 f5 15.Qd2 Nc7 
16.Rb1 Rf7 17.Nc1 Bf8 18.Nd3 e6 19.c3 Ra7 20.b4 Na8 21.Bf1 1/2-1/2

[Event "11th Dortmund Meeting"]
[Site "Dortmund GER"]
[Date "1983.04.01"]
[Round "4"]
[White "Gufeld, Eduard"]
[Black "Wedberg, Tom"]
[WhiteElo "2485"]
[BlackElo "2500"]
[Result "1/2-1/2"]
[EventDate "1983.03.29"]
[PlyCount "66"]

1.e4 e5 2.Nf3 Nc6 3.Bb5 Nge7 4.O-O d6 5.c3 Bd7 6.d4 Ng6 7.Nbd2 Be7 8.Re1 
h6 9.Nc4 Bf6 10.Ne3 O-O 11.Bc4 Nh4 12.Nxh4 Bxh4 13.Nd5 Ne7 14.dxe5 dxe5 
15.g3 Bg5 16.Bxg5 hxg5 17.Ne3 Nc8 18.Qh5 Nd6 19.Bb3 a5 20.a3 Ra6 21.Ba2 
Nxe4 22.Nc4 Nxf2 23.Kxf2 Rh6 24.Qd1 Rxh2+ 25.Kg1 Qf6 26.Re2 Rxe2 27.Qxe2 
Be6 28.Qxe5 Qd8 29.a4 Qd3 30.b3 Rd8 31.Re1 Qc2 32.Re2 Qc1+ 33.Re1 Qc2 
1/2-1/2

[Event "11th Dortmund Meeting"]
[Site "Dortmund GER"]
[Date "1983.04.06"]
[Round "8"]
[White "Gufeld, Eduard"]
[Black "Csom, Istvan"]
[WhiteElo "2485"]
[BlackElo "2505"]
[Result "1/2-1/2"]
[EventDate "1983.03.29"]
[PlyCount "82"]

1.e4 c5 2.Nf3 d6 3.d4 cxd4 4.Nxd4 Nf6 5.Nc3 Nc6 6.Bg5 e6 7.Qd2 a6 8.O-O-O 
h6 9.Be3 Be7 10.f3 Nxd4 11.Bxd4 e5 12.Be3 Be6 13.h4 Qa5 14.Kb1 Rc8 15.a3 
Nd7 16.g3 Rc6 17.f4 Bg4 18.Be2 Bxe2 19.Qxe2 Nf6 20.Nd5 Qa4 21.Bc1 Qc4 22.
Nxf6+ gxf6 23.Rd3 Rg8 24.b3 Qc5 25.Rhd1 h5 26.Rd5 Qb6 27.Qf3 Qc7 28.fxe5 
fxe5 29.Rf1 Bf8 30.c4 Rg4 31.Bg5 Rc5 32.Rxc5 dxc5 33.Qf5 Rxg3 34.Rd1 Be7 
35.Bxe7 Kxe7 36.Rd5 Rxb3+ 37.Kc2 Rg3 38.Rxe5+ Kf8 39.Qf6 Rg2+ 40.Kc1 Rg1+ 
41.Kc2 Rg2+ 1/2-1/2

[Event "11th Dortmund Meeting"]
[Site "Dortmund GER"]
[Date "1983.04.07"]
[Round "9"]
[White "Chandler, Murray Graham"]
[Black "Gufeld, Eduard"]
[WhiteElo "2500"]
[BlackElo "2485"]
[Result "1-0"]
[EventDate "1983.03.29"]
[PlyCount "83"]

1.e4 c5 2.Nf3 Nc6 3.d4 cxd4 4.Nxd4 Qb6 5.Nb3 Nf6 6.Nc3 e6 7.Bd3 a6 8.O-O 
Be7 9.Be3 Qc7 10.f4 d6 11.Qf3 O-O 12.Rae1 b5 13.g4 Bb7 14.g5 Nd7 15.Qh5 
Nb4 16.Rf3 g6 17.Qh6 f5 18.exf5 exf5 19.Rh3 Rf7 20.Bd4 Nf8 21.Bxf5 Qc6 22.
Be4 d5 23.Bg2 Qd7 24.Re2 Qf5 25.Re5 Qxc2 26.Rhe3 Bd6 27.Re2 Qd3 28.Rd2 Qc4
29.Na5 Qc8 30.Nxb7 Rxb7 31.a3 Ne6 32.axb4 Nxd4 33.Rxd4 Bxe5 34.fxe5 Kh8 
35.Bxd5 Rd7 36.Be6 Rxd4 37.Bxc8 Rxc8 38.Qh3 Rf8 39.e6 h5 40.e7 Re8 41.Qe6 
Rg4+ 42.Kh1 1-0